00657nam a2200217Ia 4500003000400000005001700004006001800021007000300039008004100042024001100083037001100094040001800105041001300123100001500136110008200151245007600233260000900309650001200318700002700330700008200357OSt20220930082246.0a|||||r|||| 00| 0ta220926b |||||||| |||| 00| 0 eng d a118916 cTheses aCRLcCRLbeng 2engaeng aSaha Shibu aUniversity of Delhi. Faculty of Science. Department of Physics & Astrophysics 0aGrowth and charcterization of ZnO thin films for biosensing application c2011 aPHYSICS a Prof. Vinay Gupta Gu. aUniversity of Delhi. Faculty of Science. Department of Physics & Astrophysics